00713nam a2200157 a 450000100100000000500170001000800410002702000140006804000250008224500910010726000270019830000260022550502040025170000340045571000660048900003736820200930080325.0120328s1981 sp 000 0 spa d a840004769 aDO-SdBNPbspacBNPHU00aRepertorium biblicum medii aevi. /ccollegit disposuit edidit Fridericus Stegmüller. aMadrid :bCSIC,c1981. av. (581) p. ;c25 cm.2 av. 2tCommentaria autores A-Ggv. 3tCommentaria auctores H-Mgv. 4tCommentaria autores N-Qgv. 7tAnonyma P-Zgv. 9tSuplementi altera pars Glossa ordinariagv. 10tInitia GraecatInitia Latina A-K1 aStegmüller, Friedrich,eed.2 aConsejo Superior de Investigaciones Científicas, (España)